000 00352nam a2200121Ia 4500
008 190216s9999||||xx |||||||||||||| ||und||
100 _a"Colin N Banwell , Elaine M Mc Cash"
245 0 _aFundamentals Of Molecular Spectroscopy
260 _bTata Mcgraw Hill Publishing Company Ltd
_c1994
300 _a308p
650 _aChemistry-Chemistry
942 _cBK
999 _c2409
_d2409